000
00307nam a2200097Ia 4500
005
20250424112835.0
008
250424s9999 xx 000 0 und d
300
_a
vi, 156 p. :ill. ; 26 cm.
650
_a
Public administration--Nigeria--Periodicals. Nigeria--Politics and government--Periodicals.
942
_c
SR
999
_c
37439
_d
37439